000 00486 a2200229 4500
260 _bEd. du Seuil
300 _a653 p.
245 _aL'Univers imaginaire de Mallarmé
260 _aParis
650 _aunivers imaginaire
650 _aMallarmé
260 _c1961
300 _b21 cm
100 _lFr
630 _a82 - Litterature
037 _a27761
037 _a28104
650 _a8 - LITTERATURE
100 _aRichard, Jean-Pierre
999 _c36343
_d36343